01058nam a2200265Ia 4500003000400000005001700004008004100021020001800062040001800080041000800098082002100106100003200127245007900159250001200238260006600250300003000316650006900346650004000415650004700455650003300502700003300535942003500568999001900603952017000622OSt20230713151355.0210716s2003 xx 000 0 und d a9780070495098 cAIMIT LIBRARY aeng a004.69422bRAYJ aRayport, Jeffrey F.9126755 aIntroduction to e-commerce /cBy Jeffrey F Rayport and Bernard J Jaworski. a2nd ed. aNew Delhi :bTata McGraw Hill Publishing Company Ltd ,c2003. axxvii,516p. ;bPBc25 cm. aBasic technology of the internet and e-commerce business9126756 aMarket opportunity analysis9126757 aMarket communications and branding9126758 aMedia transformation9126759 aJaworski, Bernard J.9126760 2ddccBKe2nd ed.k004.694 RAYJ c186356d186356 00102ddc40708MCAaAIMITbAIMITeSita Book Houseg285.00iBill no:25566; Bill dt:2004-04-1l0o004.694 RAYJpMCA05864r2025-07-21 00:00:00v228.00w2021-07-16yBK